00701 a2200193 4500999001500000010001400015020002300029035001300052037001800065082000800083100001900091245011800110260004400228270004800272300003200320500001900352942002700371952010900398 c4176d4176 aENG-86116 a8120330471c295.00 aEN-69649 bD.B.Act / Pub14a6211 aSawhney, G. S.1 aFundamentals of mechanical engineering :cby G. S. Sawhneybthermodynamics, mechanics and strength of materials / aNew DelhibPrentice Hall of Indiac2006 aM-97, Cannaught Circus,bNew Delhie110 001 aviii, 473 p.c24 cm. (Pbk.) aIncludes index adplcEN2ddch621mSAW 001040718NFICaDBADbDBADeDBAD/PUBg295.00l0o621 SAWpEN-69649r2008-09-15 00:00:00t1v295.00yEN